000 00466nam a2200181Ia 4500
008 240729s9999 xx 000 0 und d
022 _a2544-4646
245 0 _aPolish Journal of Microbiology
260 _aPoland
260 _bSciendo
650 _a Biology (General)
650 _a Genetics | Science
650 _a Microbiology
650 _aScience
856 _uhttps://doaj.org/toc/84febaf3b5fe412f99b8b98fc00eccb6
942 _2ddc
942 _cDOAJEJ
999 _c70405
_d70405
945 _a1
_bMadushi Gamage
_c1
_dMadushi Gamage